[Event "OHRA-B it"]
[Site "Brussels BEL"]
[Date "1986.12.??"]
[Round "9"]
[White "Winants, Luc"]
[Black "Gutman, Lev"]
[Result "0-1"]
[WhiteElo "2350"]
[BlackElo "2460"]
[EventDate "1986.12.??"]
[PlyCount "92"]

1.d4 Nf6 2.Nf3 g6 3.c4 Bg7 4.Nc3 O-O 5.e4 c6 6.Be2 d5 7.e5 Ne8 8.h3 dxc4 
9.Bxc4 Nc7 10.O-O Nd7 11.Bb3 Nb6 12.Ng5 Nbd5 13.f4 f6 14.Nge4 Kh8 15.Nxd5 
Nxd5 16.Nc3 Be6 17.Nxd5 Bxd5 18.Be3 e6 19.Rf2 Rf7 20.Bc2 Qb6 21.b3 Qb4 22.
Rd2 Raf8 23.a3 Qb6 24.Qe2 a5 25.Rb1 Qd8 26.g3 Qe7 27.b4 axb4 28.axb4 Ra8 
29.h4 Ra3 30.Bd3 b5 31.h5 f5 32.Qh2 Kg8 33.Kf2 Qa7 34.Rg1 Ra2 35.Rd1 Bf8 
36.Rxa2 Qxa2+ 37.Rd2 Qa1 38.g4 Bxb4 39.Re2 Be7 40.gxf5 gxf5 41.h6 Kf8 42.
Qg3 Qh1 43.Qg1 Qxh6 44.Ke1 Rg7 45.Qf1 Qh4+ 46.Kd2 Qh1 0-1

[Event "OHRA-B it"]
[Site "Brussels BEL"]
[Date "1986.12.??"]
[Round "9"]
[White "Abramovic, Bosko"]
[Black "Sunye Neto, Jaime"]
[Result "0-1"]
[WhiteElo "2445"]
[BlackElo "2515"]
[EventDate "1986.12.??"]
[PlyCount "74"]

1.e4 c5 2.Nf3 d6 3.d4 cxd4 4.Nxd4 Nf6 5.Nc3 a6 6.Be2 e5 7.Nf3 h6 8.O-O Be6
9.Re1 Nbd7 10.Bf1 Be7 11.a4 Rc8 12.Nd5 Nxd5 13.exd5 Bg4 14.Ra3 O-O 15.h3 
Bh5 16.Be2 Bg6 17.c3 f5 18.a5 Qe8 19.c4 Qf7 20.b4 Kh8 21.Rb3 Bf6 22.Bb2 
Rfe8 23.Bf1 f4 24.Qd2 Bf5 25.Nh2 Bg5 26.f3 Qg6 27.Ng4 e4 28.fxe4 Bxg4 29.
hxg4 Bh4 30.Rc1 Qxg4 31.Be2 Qg5 32.Bf3 Bg3 33.Kf1 Qh4 34.c5 Ne5 35.Bxe5 
Rxe5 36.Rbc3 Rce8 37.cxd6 Rxe4 0-1